[Event "World Cities Team GpB"]
[Site "Al-Ain UAE"]
[Date "2012.12.24"]
[Round "3.2"]
[White "Kvon, Andrey"]
[Black "Romanov, Evgeny"]
[Result "1-0"]
[WhiteTitle "IM"]
[BlackTitle "GM"]
[WhiteElo "2501"]
[BlackElo "2616"]
[WhiteTeam "Tashkent"]
[BlackTeam "Saratov"]
[WhiteFideId "14201356"]
[BlackFideId "4148843"]
[EventDate "2012.12.22"]

1. d4 Nf6 2. c4 e6 3. Nf3 Bb4+ 4. Nbd2 O-O 5. a3 Bxd2+ 6. Qxd2 d6 7. g3 Nbd7 8.
Bg2 e5 9. O-O Re8 10. dxe5 dxe5 11. Qc2 h6 12. Rd1 Qe7 13. Nh4 e4 14. Nf5 Qe5
15. Ne3 c6 16. Bd2 Qh5 17. Bc3 Ne5 18. Rd6 Nfg4 19. Nxg4 Bxg4 20. Bxe5 Qxe5 21.
Rad1 Qh5 22. Bf1 a5 23. R1d4 Qc5 24. Qc3 a4 25. Qe3 Bf5 26. Bg2 Qe5 27. h3 Re7
28. g4 Bg6 29. Rxg6 1-0

[Event "World Cities Team GpB"]
[Site "Al-Ain UAE"]
[Date "2012.12.24"]
[Round "3.3"]
[White "Shaposhnikov, Evgeny"]
[Black "Barsov, Alexei"]
[Result "1-0"]
[WhiteTitle "GM"]
[BlackTitle "GM"]
[WhiteElo "2544"]
[BlackElo "2510"]
[WhiteTeam "Saratov"]
[BlackTeam "Tashkent"]
[WhiteFideId "4122232"]
[BlackFideId "14200082"]
[EventDate "2012.12.22"]

1. e4 e6 2. Qe2 c5 3. g3 Nc6 4. Bg2 g6 5. f4 Bg7 6. c3 Nge7 7. Nf3 O-O 8. O-O d5
9. e5 c4 10. Na3 Rb8 11. Nc2 b5 12. b3 a5 13. bxc4 dxc4 14. Rb1 Ba6 15. Ba3 Qd3
16. Nfd4 b4 17. cxb4 Rfd8 18. b5 Qxe2 19. Nxe2 Rxb5 20. Bd6 Bf8 21. Rxb5 Bxb5
22. Nc3 Ba6 23. Rb1 Nb4 24. Nxb4 axb4 25. Rxb4 Nf5 26. Bxf8 Kxf8 27. Ra4 Bc8 28.
Rxc4 Bd7 29. a4 Be8 30. Ne4 h5 31. a5 Bb5 32. Rb4 Bd3 33. Nc5 Be2 34. Rb8 1-0

[Event "World Cities Team GpB"]
[Site "Al-Ain UAE"]
[Date "2012.12.24"]
[Round "3.4"]
[White "Iuldachev, Saidali"]
[Black "Iljushin, Alexei"]
[Result "1/2-1/2"]
[WhiteTitle "GM"]
[BlackTitle "GM"]
[WhiteElo "2455"]
[BlackElo "2505"]
[WhiteTeam "Tashkent"]
[BlackTeam "Saratov"]
[WhiteFideId "14200104"]
[BlackFideId "4122178"]
[EventDate "2012.12.22"]

1. e4 c6 2. d4 d5 3. Nd2 dxe4 4. Nxe4 Bf5 5. Ng3 Bg6 6. h4 h6 7. Nf3 Nd7 8. h5
Bh7 9. Bd3 Bxd3 10. Qxd3 e6 11. Bf4 Qa5+ 12. Bd2 Bb4 13. Ne4 Ngf6 14. Nd6+ Ke7
15. Nxb7 Bxd2+ 16. Nxd2 Qb4 17. Qa3 Qxa3 18. bxa3 Rab8 19. Rb1 Rhc8 20. Rb3 Rc7
21. Nc5 Rb5 22. Nde4 Nxe4 23. Nxe4 Rd5 24. Rd3 c5 25. dxc5 Re5 26. Re3 f5 27.
Nd2 Rxe3+ 28. fxe3 Rxc5 29. Rh4 Rxc2 30. Ra4 Rc7 31. Nf3 Nc5 32. Ra5 Ne4 33. Nd4
Kf6 34. Ke2 Rb7 35. Ra6 Rb2+ 36. Ke1 Rb1+ 37. Ke2 1/2-1/2

[Event "World Cities Team GpB"]
[Site "Al-Ain UAE"]
[Date "2012.12.24"]
[Round "3.5"]
[White "Lenic, Luka"]
[Black "Shyam, Nikil P."]
[Result "0-1"]
[WhiteTitle "GM"]
[BlackTitle "IM"]
[WhiteElo "2637"]
[BlackElo "2431"]
[WhiteTeam "Ptuj"]
[BlackTeam "Chennai"]
[WhiteFideId "14603853"]
[BlackFideId "5024218"]
[EventDate "2012.12.22"]

1. Nf3 e6 2. c4 d5 3. d4 Nf6 4. Nc3 Bb4 5. Bg5 h6 6. Bxf6 Qxf6 7. Qa4+ Nc6 8. e3
O-O 9. Be2 dxc4 10. O-O a6 11. Bxc4 Rb8 12. Qc2 b5 13. Ne4 Qe7 14. Bd3 Bb7 15.
Rac1 Bd6 16. a3 e5 17. d5 Na7 18. Nxd6 cxd6 19. e4 f5 20. Qe2 Nc8 21. Nd2 Nb6
22. f3 Rbc8 23. Nb3 fxe4 24. fxe4 Rxc1 25. Rxc1 Na4 26. Rf1 Bc8 27. Rxf8+ Qxf8
28. Qc2 Qd8 29. Nd2 Bd7 30. b3 Qb6+ 31. Kf1 Nc5 32. b4 Na4 33. Nb3 Qe3 34. Qd2
Qxd2 35. Nxd2 Kf7 36. Nb3 Ke7 37. Kf2 Be8 38. Na5 Bd7 39. Bc2 Nb6 40. Kg3 Nc8
41. Bd1 Nb6 42. h4 Kf6 43. Be2 Na4 44. Bd3 Be8 45. Bc2 Nc3 46. Nc6 Bg6 47. Kf3
Nxd5 48. Nb8 Nc3 49. Nxa6 d5 50. Nc7 Ke7 51. h5 Bxh5+ 52. Kf2 Bg6 53. Bd3 Bxe4
54. Nxb5 Bxd3 55. Nxc3 d4 56. Na4 e4 57. Nc5 e3+ 58. Kf3 Bc4 59. a4 Kd6 60. g3
Kc6 61. a5 Kb5 62. a6 Kxb4 63. Nd3+ Bxd3 64. a7 e2 65. a8=Q e1=Q 0-1

[Event "World Cities Team GpB"]
[Site "Al-Ain UAE"]
[Date "2012.12.24"]
[Round "3.7"]
[White "Borisek, Jure"]
[Black "Navalgund, Niranjan"]
[Result "1/2-1/2"]
[WhiteTitle "GM"]
[WhiteElo "2560"]
[BlackElo "2169"]
[WhiteTeam "Ptuj"]
[BlackTeam "Chennai"]
[WhiteFideId "14603152"]
[BlackFideId "5030854"]
[EventDate "2012.12.22"]

1. e4 c6 2. d4 d5 3. e5 Bf5 4. h4 h5 5. c4 e6 6. Nc3 Ne7 7. Nge2 dxc4 8. Ng3 Bg6
9. Bxc4 Nf5 10. Nge2 Bh7 11. g3 Be7 12. Be3 Nd7 13. Nf4 Nb6 14. Bb3 Nd5 15. Bxd5
cxd5 16. Nxh5 Qb6 17. Qd2 Bg8 18. g4 Nxh4 19. O-O-O Rc8 20. Rh3 Bh7 21. Rdh1
Rxc3+ 22. Qxc3 Kd7 23. Rxh4 Bxh4 24. Rxh4 Rc8 25. Nf6+ gxf6 26. Rxh7 Rxc3+ 27.
bxc3 fxe5 28. Rxf7+ Kc6 29. dxe5 Qa5 30. Kb2 Qb5+ 31. Ka3 Qa5+ 32. Kb2 Qb5+ 33.
Ka3 Qa6+ 34. Kb2 Qe2+ 35. Ka3 Qxg4 36. Bxa7 b6 37. Bb8 Qg8 38. Rc7+ Kb5 39. Ba7
Qg4 40. Bb8 Qf3 41. Kb3 Qd1+ 42. Kb2 Qg4 43. Kb3 Qa4+ 44. Kb2 Qa8 45. Rc8 Qb7
46. Rf8 Qg7 47. Rf4 Qg5 48. Rb4+ Kc6 49. Bd6 Qd2+ 50. Kb3 Qxf2 51. a4 Qd2 52.
Rd4 Qc1 53. Rb4 Qb1+ 54. Ka3 Qc2 55. Rb3 Qe2 56. Bb8 Qe1 57. Bd6 Qa1+ 58. Kb4
Qa2 59. Bf8 Kc7 60. Bd6+ Kd7 61. Bb8 Kc6 62. Bd6 Qa1 63. Ra3 Qb1+ 64. Rb3 Qc1
65. Bb8 Qd2 66. Ka3 Qc1+ 67. Kb4 Qf4+ 68. Ka3 Qc4 69. Bd6 Qf4 70. Rb4 Qc1+ 71.
Kb3 Qa1 72. Bb8 Kb7 73. Bd6 Kc6 74. Kc2 Qe1 75. Rd4 Qe2+ 76. Kb3 Qf2 77. Bb8 Qf1
78. Kc2 Qa1 79. Bd6 Qa2+ 80. Kc1 Qb3 81. Kd2 Qb2+ 82. Kd3 Qa2 83. Rb4 Kb7 84.
Bc5 Kc6 85. Bd4 Kd7 86. Bxb6 Qa1 87. Bd4 Ke8 88. Rb7 Qxa4 89. Ra7 Qd1+ 90. Ke3
Qe1+ 91. Kd3 Kd8 92. Kc2 Qe2+ 93. Kb3 Qc4+ 94. Ka3 Qb5 95. Ka2 Kc8 96. Re7 Qc6
97. Ra7 Kb8 98. Rf7 Qe8 99. Ra7 Qb5 100. Re7 Qc4+ 101. Ka3 1/2-1/2

[Event "World Cities Team GpB"]
[Site "Al-Ain UAE"]
[Date "2012.12.24"]
[Round "3.8"]
[White "Karthikeyan, Murali"]
[Black "Skoberne, Jure"]
[Result "1/2-1/2"]
[BlackTitle "GM"]
[WhiteElo "2315"]
[BlackElo "2549"]
[WhiteTeam "Chennai"]
[BlackTeam "Ptuj"]
[WhiteFideId "5074452"]
[BlackFideId "14604299"]
[EventDate "2012.12.22"]

1. e4 c5 2. Nf3 Nc6 3. Bb5 e6 4. Bxc6 bxc6 5. d3 Ne7 6. O-O Ng6 7. Ng5 h6 8. Nh3
d5 9. f4 dxe4 10. dxe4 Qd4+ 11. Nf2 Ba6 12. Re1 Be7 13. c3 Qxd1 14. Rxd1 e5 15.
f5 Nf4 16. Bxf4 exf4 17. Nd2 O-O-O 18. c4 Bf6 19. Rab1 Rhe8 20. b3 Bd4 21. Kf1
Kc7 22. g4 fxg3 23. hxg3 h5 24. Nf3 Bxf2 25. Rxd8 Kxd8 26. Kxf2 Rxe4 27. Rh1 f6
28. Rxh5 Bc8 29. Rh8+ Kc7 30. Nh4 a5 31. Rg8 Re7 32. g4 a4 33. Ng6 Rf7 34. Re8
Kd7 35. Rf8 Rxf8 36. Nxf8+ Ke7 37. Ng6+ Kd6 38. Nf4 a3 39. Nh5 Ke5 40. Ke3 g6
41. fxg6 Bxg4 42. g7 Be6 43. Nf4 Bg8 44. Nd3+ Kf5 45. Nxc5 Kg6 46. Kd4 Kxg7 47.
Kc3 f5 48. Nd3 c5 49. Nxc5 f4 50. Nd3 f3 51. Kd2 Kf6 52. Ke3 Bh7 53. Nb4 Ke5 54.
c5 Be4 55. c6 Kd6 56. Kf2 Kc7 57. Kf1 Kd6 58. Ke1 Kc7 59. Kf2 Kc8 60. Ke3 Kd8 1/2-1/2

[Event "World Cities Team GpC"]
[Site "Al-Ain UAE"]
[Date "2012.12.24"]
[Round "3.2"]
[White "Neiksans, Arturs"]
[Black "Kryvoruchko, Yuriy"]
[Result "1/2-1/2"]
[WhiteTitle "GM"]
[BlackTitle "GM"]
[WhiteElo "2534"]
[BlackElo "2671"]
[WhiteTeam "Riga"]
[BlackTeam "Lviv"]
[WhiteFideId "11601388"]
[BlackFideId "14109182"]
[EventDate "2012.12.22"]

1. e4 e5 2. Nf3 Nc6 3. Bb5 a6 4. Ba4 Nf6 5. O-O Be7 6. d3 b5 7. Bb3 d6 8. a4 b4
9. a5 O-O 10. Be3 Be6 11. Nbd2 h6 12. h3 Rb8 13. Re1 Qc8 14. Qe2 Re8 15. Ba4 Bd7
16. Nf1 Nd8 17. Bxd7 Qxd7 18. d4 Qb5 19. N1d2 Bf8 20. d5 Qxe2 21. Rxe2 c6 22.
dxc6 Nxc6 23. Bb6 d5 24. exd5 Nxd5 25. Nc4 e4 26. Rae1 f5 27. Nh4 Nxb6 28. axb6
Ne5 29. Nxe5 Rxe5 30. g4 fxg4 31. hxg4 Rxb6 32. Rxe4 Rxe4 33. Rxe4 b3 34. cxb3
Rxb3 35. Re2 Rb4 36. f3 h5 37. Re8 Kf7 38. Ra8 Bc5+ 39. Kf1 hxg4 40. fxg4 Rxg4
41. Nf3 Rf4 42. Kg2 Rf6 43. Ng5+ Ke7 44. Ne4 Rg6+ 45. Kf3 Bd4 46. b4 Rb6 47. Ke2
Re6 48. Kd3 Bg1 49. Nc5 Bxc5 50. bxc5 g5 51. Rg8 Kd7 1/2-1/2

[Event "World Cities Team GpC"]
[Site "Al-Ain UAE"]
[Date "2012.12.24"]
[Round "3.3"]
[White "Fedorchuk, Sergey A."]
[Black "Starostits, Ilmars"]
[Result "1/2-1/2"]
[WhiteTitle "GM"]
[BlackTitle "GM"]
[WhiteElo "2661"]
[BlackElo "2468"]
[WhiteTeam "Lviv"]
[BlackTeam "Riga"]
[WhiteFideId "14102536"]
[BlackFideId "11600748"]
[EventDate "2012.12.22"]

1. e4 c6 2. d4 d5 3. Nd2 dxe4 4. Nxe4 Bf5 5. Ng3 Bg6 6. Nh3 Nf6 7. c3 e6 8. Nf4
Bd6 9. h4 Bxf4 10. Bxf4 h6 11. h5 Bh7 12. Qb3 Nd5 13. Bd2 Qc7 14. c4 Nf6 15. Qa3
Nbd7 16. Be2 c5 17. Be3 b6 18. O-O O-O 19. Rfd1 Ne4 20. Nf1 Rad8 21. dxc5 bxc5
22. Nd2 Rc8 23. Bf3 Ng5 24. Be2 Ne4 25. Qa6 Rb8 26. Nxe4 Bxe4 27. b3 Rb6 28. Qa5
Rc8 29. Rd2 f5 30. Rad1 Nf6 31. b4 Rxb4 32. Rd8+ Kh7 33. Qxc7 Rxc7 34. Bf4 Rcb7
35. Be5 Rb1 36. Bxf6 gxf6 37. f3 Rxd1+ 38. Bxd1 Bc6 39. Rc8 Bd7 40. Rd8 Kg7 41.
Bc2 e5 42. Kh2 Be6 43. Bb3 f4 44. Re8 Kf7 45. Rh8 Bf5 46. Ba4 Rc7 47. Rb8 Be6
48. Bb5 Kg7 49. g3 fxg3+ 50. Kxg3 Re7 51. a4 f5 52. a5 e4 53. fxe4 fxe4 54. Kf4
e3 55. Kxe3 a6 56. Kd2 axb5 57. cxb5 Kf6 58. a6 Bc4 59. Rb6+ Kg5 60. Rc6 Re2+
61. Kc3 Bxb5 62. Rxc5+ Kg4 63. Rxb5 Ra2 64. Rb6 Kxh5 65. Kb4 Rb2+ 66. Kc5 Rc2+
67. Kb5 Ra2 68. Rc6 Kg5 69. Rc5+ Kg4 70. Kb6 Rxa6+ 71. Kxa6 h5 72. Kb5 h4 73.
Kc4 h3 74. Rc8 h2 75. Rh8 Kg3 76. Kd3 Kg2 77. Ke2 h1=Q 78. Rxh1 Kxh1 1/2-1/2

[Event "World Cities Team GpC"]
[Site "Al-Ain UAE"]
[Date "2012.12.24"]
[Round "3.4"]
[White "Lavendelis, Egons"]
[Black "Kravtsiv, Martyn"]
[Result "0-1"]
[WhiteTitle "FM"]
[BlackTitle "GM"]
[WhiteElo "2340"]
[BlackElo "2593"]
[WhiteTeam "Riga"]
[BlackTeam "Lviv"]
[WhiteFideId "11601647"]
[BlackFideId "14113147"]
[EventDate "2012.12.22"]

1. e4 e5 2. Nf3 Nc6 3. d4 exd4 4. Bc4 Nf6 5. e5 d5 6. Bb5 Ne4 7. Nxd4 Bd7 8.
Bxc6 bxc6 9. O-O Bc5 10. f3 Ng5 11. Be3 Bb6 12. Qd2 Ne6 13. Nc3 O-O 14. Nb3 f6
15. exf6 Qxf6 16. Na4 Bxe3+ 17. Qxe3 Nf4 18. Qd2 Rae8 19. Rae1 Bh3 20. Rxe8 Rxe8
21. Re1 Rxe1+ 22. Qxe1 h6 23. g3 Nd3 24. Qe2 Nxb2 25. Nxb2 Qxb2 26. g4 Qf6 27.
Qe3 c5 28. Nxc5 Qa1+ 29. Kf2 Qf1+ 30. Kg3 Qg2+ 31. Kf4 Qxh2+ 32. Kf5 Qxc2+ 33.
Nd3 Kh7 34. Ke5 Bf1 35. Nf4 Qc6 36. Ne6 Qd6+ 37. Kd4 Qb4+ 38. Ke5 Qd6+ 39. Kd4
Bc4 40. Qe1 Qb6+ 41. Ke5 Qd6+ 42. Kd4 c5+ 43. Kc3 Bxa2 44. Kb2 Bc4 45. g5 Qh2+
46. Kc3 Qe2 47. Qb1+ Kg8 48. Qb8+ Kf7 49. Nd8+ Kg6 50. Qd6+ Kh5 51. Qxc5 Qxf3+
52. Kb4 Qb3+ 53. Ka5 Qb6+ 54. Qxb6 axb6+ 0-1

[Event "World Cities Team GpC"]
[Site "Al-Ain UAE"]
[Date "2012.12.24"]
[Round "3.5"]
[White "Wallis, Christopher"]
[Black "Papaioannou, Ioannis"]
[Result "0-1"]
[WhiteTitle "FM"]
[BlackTitle "GM"]
[WhiteElo "2283"]
[BlackElo "2618"]
[WhiteTeam "Canberra"]
[BlackTeam "Athens"]
[WhiteFideId "3204839"]
[BlackFideId "4201345"]
[EventDate "2012.12.22"]

1. d4 Nf6 2. c4 e6 3. Nc3 Bb4 4. e3 O-O 5. Ne2 c6 6. a3 Ba5 7. b4 Bc7 8. e4 d6
9. f3 a5 10. Rb1 axb4 11. axb4 Nbd7 12. Bg5 h6 13. Be3 e5 14. d5 cxd5 15. exd5
Nh5 16. g3 Bb6 17. Qd2 Bxe3 18. Qxe3 Nb6 19. c5 dxc5 20. bxc5 Nxd5 21. Nxd5 Qxd5
22. Rd1 Qe6 23. Bg2 Nf6 24. O-O Re8 25. Rfe1 Bd7 26. f4 Bc6 27. Rd6 Qc4 28. fxe5
Bxg2 29. Kxg2 Ng4 30. Qd4 Nxe5 31. Nc3 Qxd4 32. Rxd4 f6 33. Re2 Red8 34. Rb4 Rd7
35. Ne4 Rad8 36. Nd6 Nd3 37. Rxb7 Nxc5 38. Re8+ Rxe8 39. Rxd7 Re2+ 40. Kf3 Rxh2
41. Re7 Rd2 42. Nf5 Rd7 43. Re8+ Kh7 44. g4 Nd3 45. Ne3 Ne5+ 46. Ke4 Ra7 47. Kf5
Ra5 48. Ke6 Ra6+ 49. Kf5 Rd6 50. Ke4 Rd2 51. Re7 Re2 52. Kf4 Kg8 53. Ra7 g5+ 54.
Ke4 Nc4 55. Kf5 Nxe3+ 56. Kg6 Kf8 57. Kxf6 Nxg4+ 58. Kg6 Ne5+ 59. Kf6 Ke8 60.
Ra8+ Kd7 61. Rh8 Kd6 62. Rd8+ Nd7+ 63. Kg6 Rh2 64. Rh8 g4 65. Kf5 h5 66. Kg5 g3 0-1

[Event "World Cities Team GpC"]
[Site "Al-Ain UAE"]
[Date "2012.12.24"]
[Round "3.6"]
[White "Banikas, Hristos"]
[Black "Feldman, Vladimir"]
[Result "1-0"]
[WhiteTitle "GM"]
[BlackTitle "IM"]
[WhiteElo "2620"]
[BlackElo "2230"]
[WhiteTeam "Athens"]
[BlackTeam "Canberra"]
[WhiteFideId "4202031"]
[BlackFideId "3201791"]
[EventDate "2012.12.22"]

1. Nf3 Nf6 2. c4 g6 3. Nc3 d5 4. cxd5 Nxd5 5. Qb3 Nb6 6. d4 Bg7 7. Bf4 O-O 8.
Rd1 a5 9. e3 a4 10. Qc2 Bf5 11. Qc1 c6 12. Be2 Na6 13. O-O Nb4 14. a3 N4d5 15.
Bg3 Qc8 16. Nd2 Rd8 17. Nxd5 Rxd5 18. e4 Rxd4 19. exf5 Qxf5 20. Nf3 Rd5 21. Qe3
Rxd1 22. Rxd1 Nd5 23. Qd2 e5 24. Bc4 Rd8 25. Qa5 b6 26. Qxa4 b5 27. Qa5 Bf6 28.
Bb3 e4 29. Nd4 Qd7 30. Qe1 e3 31. Nf3 Bxb2 32. Bxd5 cxd5 33. Qxe3 Ra8 34. Qb3
Bxa3 35. Rxd5 1-0

[Event "World Cities Team GpC"]
[Site "Al-Ain UAE"]
[Date "2012.12.24"]
[Round "3.7"]
[White "Schon, Eugene"]
[Black "Halkias, Stelios"]
[Result "0-1"]
[BlackTitle "GM"]
[WhiteElo "2175"]
[BlackElo "2561"]
[WhiteTeam "Canberra"]
[BlackTeam "Athens"]
[WhiteFideId "3205690"]
[BlackFideId "4201809"]
[EventDate "2012.12.22"]

1. d4 d5 2. c4 e6 3. Nc3 Bb4 4. a3 Bxc3+ 5. bxc3 c5 6. cxd5 exd5 7. e3 Ne7 8.
Ne2 O-O 9. Ng3 b6 10. Bb2 cxd4 11. Qxd4 Nbc6 12. Qa4 Bd7 13. Rd1 Qc7 14. Qh4 Ng6
15. Qg5 Nce5 16. Be2 Rae8 17. Nh5 Nc4 18. Bxc4 Re5 19. Qxe5 Nxe5 20. Be2 Nc4 21.
Ba1 Nxa3 22. O-O f6 23. Nf4 Bb5 24. Bxb5 Nxb5 25. Ne6 Qc4 26. Nxf8 Kxf8 27. Rd2
Kf7 28. Rb1 Ke6 29. Rb4 Qc6 30. Bb2 Nd6 31. Rc2 a5 32. Rh4 Nc4 33. e4 dxe4 34.
Bc1 h6 35. Re2 Nd6 36. Rh3 b5 37. Bf4 a4 38. Rhe3 f5 39. g4 Nc4 40. Rg3 a3 41.
Bc1 Qd5 42. gxf5+ Kxf5 43. f3 Qd1+ 0-1

[Event "World Cities Team GpD"]
[Site "Al-Ain UAE"]
[Date "2012.12.24"]
[Round "3.1"]
[White "Kazhgaleyev, Murtas"]
[Black "Esen, Baris"]
[Result "1-0"]
[WhiteTitle "GM"]
[BlackTitle "GM"]
[WhiteElo "2596"]
[BlackElo "2576"]
[WhiteTeam "Astana"]
[BlackTeam "Istanbul"]
[WhiteFideId "13700316"]
[BlackFideId "6302114"]
[EventDate "2012.12.22"]

1. d4 d5 2. c4 c6 3. cxd5 cxd5 4. Bf4 Nf6 5. Nc3 Nc6 6. e3 a6 7. Be2 Bf5 8. Nf3
e6 9. Qb3 Bd6 10. Bxd6 Qxd6 11. Qxb7 O-O 12. Qb3 Nb4 13. O-O Nc2 14. Rac1 Rfb8
15. Qa4 Rb4 16. Qa5 Rxb2 17. Nh4 Bg4 18. Bd3 Na3 19. h3 Bh5 20. Na4 Rbb8 21. Qc5
Ne8 22. Rc3 Nb5 23. Qxd6 Nbxd6 24. Rfc1 g5 25. Nf3 Bxf3 26. gxf3 a5 27. Nc5 Ra7
28. Rb3 Rxb3 29. axb3 Nc7 30. Kh2 h6 31. Ra1 Nc8 32. Kg3 Kg7 33. f4 Nb6 34. f5
Kf6 35. fxe6 fxe6 36. f4 Ra8 37. fxg5+ hxg5 38. Rf1+ Kg7 39. Kg4 a4 40. bxa4
Nxa4 41. Nxa4 Rxa4 42. Kxg5 Ra2 43. h4 Ne8 44. h5 Rh2 45. Ra1 Rg2+ 46. Kf4 Kh6
47. Bg6 Ng7 48. Ra8 Rf2+ 49. Kg4 Rg2+ 50. Kf4 Rf2+ 51. Ke5 Re2 52. Bd3 Rh2 53.
Rh8+ Kg5 54. h6 Rxh6 55. Rg8 Kg4 56. Rxg7+ Kf3 57. Rh7 1-0

[Event "World Cities Team GpD"]
[Site "Al-Ain UAE"]
[Date "2012.12.24"]
[Round "3.2"]
[White "Can, Emre"]
[Black "Jumabayev, Rinat"]
[Result "1/2-1/2"]
[WhiteTitle "GM"]
[BlackTitle "GM"]
[WhiteElo "2448"]
[BlackElo "2567"]
[WhiteTeam "Istanbul"]
[BlackTeam "Astana"]
[WhiteFideId "6302181"]
[BlackFideId "13702661"]
[EventDate "2012.12.22"]

1. d4 Nf6 2. c4 e6 3. Nf3 b6 4. g3 Bb4+ 5. Nbd2 Bb7 6. Bg2 O-O 7. O-O Be7 8. Qc2
d5 9. cxd5 exd5 10. b3 Na6 11. Bb2 Re8 12. a3 c5 13. Rac1 Bf8 14. e3 Rc8 15. Qb1
Ne4 16. dxc5 Naxc5 17. b4 Na4 18. Ba1 b5 19. Nb3 Nb6 20. Bd4 Nc4 21. Qa1 a5 22.
Nxa5 Nxa5 23. Rxc8 Bxc8 24. bxa5 Qxa5 25. Rb1 Bf5 26. Bf1 Nd6 27. Bc3 Qa6 28.
Rb3 Ra8 29. Nd4 Bd7 30. Qd1 Rc8 31. Qh5 Qa8 32. Bb4 Ne4 33. Bxf8 Rxf8 34. Bxb5
Bxb5 35. Nxb5 Rc8 36. Nd4 g6 37. Qd1 Qa6 38. Kg2 Qf6 39. Qf3 Qxf3+ 40. Nxf3 Rc2
41. Nd4 Rxf2+ 42. Kg1 Ra2 43. Nf3 Nf2 44. Rb4 Nh3+ 45. Kh1 h5 46. Rd4 Nf2+ 47.
Kg1 Nh3+ 48. Kh1 g5 49. Nd2 g4 50. Kg2 Rxa3 51. Rxd5 Ra1 52. Nf1 Kg7 53. Rd6 Ng5
54. Nd2 Rd1 55. Ne4 Rxd6 56. Nxd6 Kf6 57. Ne8+ Kf5 58. Ng7+ Kg6 59. Ne8 Ne4 60.
h3 Nf6 61. Nd6 Nd5 62. Nc4 Kf6 63. hxg4 hxg4 64. Kf2 Nc3 65. Nd2 Ke5 66. Nc4+
Kd5 67. Nb6+ Kc6 68. Nc4 Ne4+ 69. Kg2 Kd5 70. Nb6+ Kc5 71. Nd7+ Kd6 72. Nb6 Nc3
73. Kf2 f6 74. Nc8+ Ke5 75. Nb6 Ne4+ 76. Kg2 Nc5 77. Kf2 Ke4 78. Ke2 Kf5 79. Kf2
Ne4+ 80. Kg2 Nd6 81. Kf2 Ke6 82. Kg2 Ne4 83. Nc4 Kd5 84. Nb6+ Kc5 85. Nc8 Kc4
86. Ne7 Nd6 87. e4 Kd4 88. Ng8 Nxe4 89. Nh6 f5 90. Nxf5+ Ke5 91. Ne3 Nxg3 92.
Nxg4+ 1/2-1/2

[Event "World Cities Team GpD"]
[Site "Al-Ain UAE"]
[Date "2012.12.24"]
[Round "3.3"]
[White "Kotsur, Pavel"]
[Black "Sanal, Vahap"]
[Result "1-0"]
[WhiteTitle "GM"]
[BlackTitle "FM"]
[WhiteElo "2550"]
[BlackElo "2382"]
[WhiteTeam "Astana"]
[BlackTeam "Istanbul"]
[WhiteFideId "13700278"]
[BlackFideId "6300545"]
[EventDate "2012.12.22"]

1. c4 Nf6 2. Nc3 e6 3. Nf3 b6 4. e4 Bb7 5. Bd3 d6 6. Bc2 c5 7. d4 cxd4 8. Nxd4
a6 9. b3 Be7 10. O-O O-O 11. Bb2 Nbd7 12. Qd2 Qc7 13. Rae1 Rfe8 14. f4 Rad8 15.
Kh1 Bf8 16. Re2 g6 17. f5 Bg7 18. fxe6 fxe6 19. Nf3 Ng4 20. Nd1 Nde5 21. Nxe5
dxe5 22. Qg5 Rf8 23. Rf3 Qd6 24. Bc3 Nf6 25. Nf2 Nh5 26. Rd2 Qc7 27. Rxf8+ Rxf8
28. Bb4 Rf6 29. g3 h6 30. Qe3 Kh7 31. Bd6 Qf7 32. Kg2 Rf5 33. Bd1 Bf6 34. h4
Nxg3 35. Qxg3 Rf4 36. Bf3 Bxh4 37. Qh3 Bg5 38. Rd3 Bf6 39. Ng4 Bg7 40. Nxe5 Qf6
41. Re3 Qd8 42. Qg3 Qxd6 43. Qxf4 Qd2+ 44. Be2 Bxe5 45. Qxe5 Qxe3 46. Qc7+ Kg8
47. Qb8+ Kg7 48. Qxb7+ Kf6 49. e5+ Kxe5 50. Qg7+ Kd6 51. Bf3 Qg5+ 52. Kf2 Qd2+
53. Kf1 Qc1+ 54. Ke2 Qc2+ 55. Ke3 Qc1+ 56. Kd3 Qb1+ 57. Ke3 Qc1+ 58. Kf2 Qd2+
59. Be2 Qf4+ 60. Kg2 Qg5+ 61. Kf3 Qh5+ 62. Ke3 Qg5+ 63. Kd3 Qf5+ 64. Kd2 Qa5+
65. Kc1 Qxa2 66. Bd1 g5 67. Qd4+ Kc7 68. Bc2 Qa5 69. Qg7+ Kd6 70. Qd4+ Kc7 71.
Kb2 e5 72. Qf2 Qc5 73. Qf7+ Kb8 74. Qg8+ Kc7 75. Qg7+ Kb8 76. Qxh6 Qd4+ 77. Kb1
Qg1+ 78. Ka2 Qf2 79. Qd6+ Kb7 80. Qd7+ Kb8 81. Qd6+ Kb7 82. Qd5+ Kc8 83. Qe4 g4
84. Qxg4+ 1-0

[Event "World Cities Team GpD"]
[Site "Al-Ain UAE"]
[Date "2012.12.24"]
[Round "3.4"]
[White "Ali Marandi, Cemil Can"]
[Black "Kuderinov, Kirill"]
[Result "0-1"]
[WhiteTitle "FM"]
[BlackTitle "IM"]
[WhiteElo "2354"]
[BlackElo "2452"]
[WhiteTeam "Istanbul"]
[BlackTeam "Astana"]
[WhiteFideId "6300529"]
[BlackFideId "13701568"]
[EventDate "2012.12.22"]

1. e4 e5 2. Nf3 Nc6 3. Bb5 a6 4. Ba4 Nf6 5. O-O Be7 6. Re1 b5 7. Bb3 d6 8. c3
O-O 9. h3 Na5 10. Bc2 c5 11. d4 cxd4 12. cxd4 Bb7 13. Nbd2 exd4 14. Nxd4 Re8 15.
b3 Bf8 16. Bb2 g6 17. Rc1 Bg7 18. Bd3 Rc8 19. Rxc8 Qxc8 20. Qa1 Qd8 21. b4 Nc6
22. Nxc6 Bxc6 23. Nb3 Nh5 24. Bxg7 Nxg7 25. Nd4 Bb7 26. a4 bxa4 27. Qxa4 Qf6 28.
Nf3 Qc3 29. Re3 Qc8 30. Nd4 Ne6 31. Nxe6 Rxe6 32. Qa1 Qc6 33. Rf3 d5 34. exd5
Qxd5 35. Bf1 Qg5 36. Rd3 Qe7 37. Qc3 Re4 38. Qc5 Qxc5 39. bxc5 Re1 40. Rd6 Rc1
41. f3 a5 42. Kf2 Rxc5 43. Ke3 Bc8 44. Bd3 Kg7 45. Kd4 Rc7 46. Bb5 h5 47. Rb6 h4
48. Ba4 Be6 49. Ke5 Rc5+ 50. Kd6 Rd5+ 51. Ke7 Rd2 52. Ra6 Rxg2 53. Rxa5 Ra2 0-1

[Event "World Cities Team GpD"]
[Site "Al-Ain UAE"]
[Date "2012.12.24"]
[Round "3.5"]
[White "Lupulescu, Constantin"]
[Black "Safarli, Eltaj"]
[Result "1/2-1/2"]
[WhiteTitle "GM"]
[BlackTitle "GM"]
[WhiteElo "2618"]
[BlackElo "2626"]
[WhiteTeam "Timisoara"]
[BlackTeam "Baku"]
[WhiteFideId "1207822"]
[BlackFideId "13402129"]
[EventDate "2012.12.22"]

1. d4 Nf6 2. c4 g6 3. f3 Nc6 4. d5 Ne5 5. e4 d6 6. Nc3 Bg7 7. f4 Ned7 8. Nh3 O-O
9. Be2 Nc5 10. Nf2 c6 11. Be3 cxd5 12. cxd5 b6 13. O-O a5 14. Qd2 Bb7 15. Rad1
Rc8 16. b3 e6 17. dxe6 Nxe6 18. Bc4 Nc5 19. Bxc5 bxc5 20. Qxd6 Qxd6 21. Rxd6 Ne8
22. Rd3 Bd4 23. e5 Ng7 24. Nb5 Ba6 25. Nxd4 Bxc4 26. bxc4 cxd4 27. Rxd4 Ne6 28.
Re4 Rfd8 29. Ng4 Rd4 30. f5 gxf5 31. Nh6+ Kf8 32. Rxd4 Nxd4 33. Nxf5 Nxf5 34.
Rxf5 Ke7 35. Rf4 Rb8 36. a3 Rb3 37. Rf3 Rb1+ 38. Kf2 Rb2+ 39. Ke3 Rxg2 40. Rh3
Rg4 41. Kd3 Ke6 42. Rxh7 Kxe5 43. Rxf7 Rh4 44. Rg7 Kd6 45. Rg5 Rh3+ 46. Kd4 Rh4+
47. Kc3 Rh3+ 48. Kd4 Rh4+ 49. Kc3 Rh3+ 50. Kb2 Rxh2+ 51. Kb3 Rh3+ 52. Ka4 Rc3
53. Kb5 Rxa3 54. c5+ Kc7 55. Rg7+ Kb8 56. Kc6 Rh3 57. Rg8+ Ka7 1/2-1/2